Districts of Çankırı (Çankırı'nın ilçeleri). - Statistics

General Stats
  • This quiz has been taken 62 times
  • The average score is 9 of 12
Answer Stats
Population (Nüfus) District (İlçe) % Correct
100.596 Merkez
96%
13.821 Ilgaz
87%
16.526 Çerkeş
78%
6.986 Kızılırmak
78%
4.276 Korgun
74%
8.484 Kurşunlu
74%
12.614 Orta
74%
4.560 Atkaracalar
70%
2.459 Bayramören
70%
11.745 Şabanözü
70%
6.163 Eldivan
65%
7.536 Yapraklı
65%
No matching quizzes found
Score Distribution
Percent of People with Each Score
Percentile by Number Answered
Your Score History
You have not taken this quiz